000 01100nam a2200301 a 4500
001 24628
003 CO-ViMGA
005 20230915232010.0
008 141112s2004 ck r 000 u spa d
015 _ack - 2010 - xxxx
020 _a9789586486620
040 _aCO-ViMGA
_bspa
_cCO-ViMGA
082 0 4 _a346.03 R84r
100 1 _aRuiz Orejuela, Wilson, 1967 -
_936683
240 _aValle del Cauca - Bibliografía regional
245 1 0 _aResponsabilidad del Estado y sus regímenes /
_cWilson Ruiz Orejuela.
260 _aBogotá :
_bEcoe Ediciones,
_c2010.
300 _axvi, 411 p. ; 23 cm.
490 _aCiencias Políticas; Derecho
490 _aColección ciencias políticas. Derecho
504 _aIncluye bibliografía.
650 1 4 _aResponsabilidad administrativa
_97761
650 1 4 _aResponsabilidad civil
650 1 4 _aResponsabilidad del estado
_936684
650 1 4 _aResponsabilidad médica
_911041
852 _10.688.30
942 _2ddc
_cBK
999 _c32444
_d32444